Ekologické daně - ekonomická realita i v ČR?

Prístup ČR a ostatných členských krajín Európskej únie k zavedeniu ekologických daní a k realizácii daňovej reformy. Porovnanie prínosov a nedostatkov tohto nástroja z hľadiska ekonomického a ekologického.

Salvato in:
Dettagli Bibliografici
Autore principale: Foltýnová, Hana
Natura: Capitolo di libro
Lingua:ceco
Soggetti:
Tags: Aggiungi Tag
Nessun Tag, puoi essere il primo ad aggiungerne!!

MARC

LEADER 00000naa a2200000 4500
001 0150537
005 20231004075458.3
041 0 |a cze 
044 |a CZ 
245 1 0 |a Ekologické daně - ekonomická realita i v ČR?  |c Hana Foltýnová 
520 |a Prístup ČR a ostatných členských krajín Európskej únie k zavedeniu ekologických daní a k realizácii daňovej reformy. Porovnanie prínosov a nedostatkov tohto nástroja z hľadiska ekonomického a ekologického. 
610 2 0 |a dane 
610 2 0 |a dane ekologické 
610 2 0 |a systémy daňové 
610 2 0 |a reformy daňové 
610 2 0 |a Česko 
610 2 0 |a Európska únia 
100 1 |a Foltýnová, Hana